Loading...
| Fine Arts - Auditory | 1 | 10.00 | 0% | 600% | 0% |
| Fine Arts - Other | 1 | 20.00 | 3,600% | 0% | 600% |
| History - European | 1 | 10.00 | 0% | 600% | 0% |
| History - Other | 1 | 10.00 | 3,600% | 0% | 0% |
| Literature - British | 1 | 10.00 | 3,600% | 0% | 0% |
| Literature - European | 1 | 20.00 | 3,600% | 600% | 0% |
| Religion | 1 | 10.00 | 0% | 0% | 600% |
| Science - Biology | 1 | 10.00 | 0% | 0% | 600% |
| Science - Other | 1 | 10.00 | 3,600% | 0% | 0% |
| Science - Physics | 1 | 20.00 | 3,600% | 600% | 0% |
| Social Science | 1 | 20.00 | 0% | 600% | 600% |
| Current Events | 1 | 10.00 | 0% | 600% | 0% |
| Fine Arts - Auditory | 1 | 10.00 | 3,600% | 0% | 0% |
| Fine Arts - Other | 5 | 14.00 | 0% | 440% | 340% |
| Fine Arts - Visual | 3 | 16.67 | 2,033% | 0% | 533% |
| Geography | 2 | 10.00 | 0% | 250% | 250% |
| History - American | 2 | 15.00 | 1,250% | 250% | 250% |
| History - European | 2 | 10.00 | 0% | 550% | 0% |
| History - Other | 3 | 16.67 | 833% | 333% | 367% |
| History - World | 3 | 16.67 | 3,233% | 400% | 0% |
| Literature - American | 6 | 16.67 | 1,433% | 267% | 367% |
| Literature - British | 2 | 15.00 | 3,050% | 0% | 250% |
| Literature - European | 3 | 13.33 | 833% | 500% | 0% |
| Literature - World | 3 | 16.67 | 2,033% | 400% | 200% |
| Mythology | 5 | 14.00 | 1,940% | 220% | 240% |
| Philosophy | 4 | 15.00 | 625% | 275% | 425% |
| Pop Culture | 1 | 20.00 | 3,600% | 600% | 0% |
| Religion | 4 | 12.50 | 625% | 0% | 525% |
| Science - Biology | 2 | 10.00 | 0% | 250% | 250% |
| Science - Chemistry | 5 | 14.00 | 1,720% | 100% | 320% |
| Science - Other | 3 | 13.33 | 2,033% | 0% | 367% |
| Science - Physics | 5 | 14.00 | 1,500% | 100% | 320% |
| Social Science | 1 | 10.00 | 0% | 600% | 0% |